000
00284nam a2200121Ia 4500
008
190216s9999||||xx |||||||||||||| ||und||
100
_a
Gransden K W
245
0
_a
Tennyson In Memoriam
260
_b
Edward Arnold Ltd
_c
1965
300
_a
69p
650
_a
English Poetry
942
_c
BK
999
_c
12407
_d
12407